| 000 | 02107cam a2200385 a 4500 | ||
|---|---|---|---|
| 001 | 16224988 | ||
| 003 | OSt | ||
| 005 | 20251202160536.0 | ||
| 008 | 100510s2010 ilu b 001 0 eng | ||
| 010 | _a 2010019864 | ||
| 020 |
_a9780830827206 _qpbk. : alk. paper |
||
| 020 |
_a083082720X _qpbk. : alk. paper |
||
| 035 | _a16224988 | ||
| 035 | _a(OCoLC)620836914 | ||
| 040 |
_aDLC _cDLC _dYDX _dDTM _dYDXCP _dBTA _dCDX _dSGB _dITC _dDLC |
||
| 050 | 0 | 0 |
_aBS2695.52 _b.G66 2010 |
| 082 | 0 | 0 |
_a227/.5066 _222 |
| 100 | 1 |
_aGombis, Timothy G., _d1972- |
|
| 245 | 1 | 4 |
_aThe drama of Ephesians : _bparticipating in the triumph of God / _cTimothy G. Gombis. |
| 260 |
_aDowners Grove, Ill. : _bIVP Academic, _cc2010. |
||
| 300 |
_a188 p. ; _c23 cm. |
||
| 336 |
_atext _btxt _2rdacontent |
||
| 337 |
_aunmediated _bn _2rdamedia |
||
| 338 |
_avolume _bnc _2rdacarrier |
||
| 504 | _aIncludes bibliographical references (p. [185]-186) and index. | ||
| 505 | 0 | 0 |
_tExploring the drama of Ephesians -- _tSome mysterious actors on the stage -- _tTransforming the imagination -- _tGod's victory over the powers -- _tEmbodying God's victory as an apostle -- _tEmpowering subversive performances -- _tPerforming the divine warrior -- _tConclusion : the drama of Ephesians : Christ, the powers and the subversive people of God. |
| 520 | _aTimothy Gombis has rediscovered Ephesians as a deeply dramatic text that follows the narrative arc of the triumph of God in Christ. Here Paul invites the church to celebrate and participate in this divine victory over the powers of this present age. In Gombis's dramatic reading of Ephesians we are drawn into a theological and cultural engagement with this epochal story of redemption.--From publisher description | ||
| 630 | 0 | 0 |
_aBible. _pEphesians _xCriticism, interpretation, etc. |
| 650 | 0 |
_aDrama _xReligious aspects _xChristianity. |
|
| 906 |
_a7 _bcbc _corignew _d1 _eecip _f20 _gy-gencatlg |
||
| 936 | _aPR 698593339 | ||
| 942 |
_2lcc _cBK |
||
| 999 |
_c20854 _d20853 |
||